000 00485nam a22001577a 4500
003 OSt
005 20251021071750.0
008 251021b |||||||| |||| 00| 0 eng d
020 _a9780195745757
040 _cOXFORD UNIVERSITY PRESS EAST AFRICA LIMITED
050 _aPL 8704 .M66 2016
245 _aKESHO ILIYOPITA
_bNA HADITHI NYINGINE
_cOXFORD UNIVERSITY PRESS
250 _a1ST EDITION
260 _aNAIROBI,KENYA
_bOXFORD UNIVERSITY PRESS EAST AFRICA LTD
_c2016
942 _2lcc
_cBK
_n0
999 _c9642
_d9642